| 000 | 00345nam a2200133Ia 4500 | ||
|---|---|---|---|
| 008 | 191201s2012 xx 000 0 und d | ||
| 100 | _aBOLTON, W | ||
| 245 | 0 | _aMechatronics Electronic Control Systems in Mechanical Engineering | |
| 250 | _aImp | ||
| 260 |
_aN. Delhi _bPearson _c2012 |
||
| 300 | _a593 | ||
| 650 | _aB.Tech(ME) | ||
| 942 |
_2ddc _cBK |
||
| 999 |
_c5497 _d5497 |
||